[Event "11. Lichtenberger Sommer"]
[Site "Berlin"]
[Date "2012.08.18"]
[Round "1.90"]
[White "Laurin, Dirk"]
[Black "Baumert, Christian"]
[Result "1/2-1/2"]
[WhiteElo "1665"]
[BlackElo "2158"]
[PlyCount "75"]
[EventDate "2012.??.??"]
[WhiteTeam "SG Narva Berlin e.V."]
[BlackTeam "SG Lasker Steglitz-Wilmersdorf"]

1. e4 c6 2. Nf3 d5 3. exd5 cxd5 4. d4 Nf6 5. Be2 g6 6. Be3 Bg7 7. Nc3 O-O 8. h3
Nc6 9. Qd2 a6 10. g4 b5 11. Ne5 Bb7 12. Nxc6 Bxc6 13. f3 b4 14. Nd1 a5 15. Nf2
Qb6 16. Nd3 Nd7 17. c3 Rfb8 18. Kf2 Qb7 19. h4 e5 20. dxe5 Nxe5 21. Nxe5 Bxe5
22. Bd4 Re8 23. h5 Bxd4+ 24. cxd4 Bb5 25. Bxb5 Qxb5 26. hxg6 fxg6 27. Rae1 Ra7
28. Qg5 Rxe1 29. Rxe1 Qd7 30. Re5 Rc7 31. Rxd5 Rc2+ 32. Kg3 Qc7+ 33. f4 Rxb2
34. Rd8+ Kf7 35. Qd5+ Ke7 36. Qg5+ Kf7 37. Qd5+ Ke7 38. Qg5+ 1/2-1/2

[Event "11. Lichtenberger Sommer"]
[Site "Berlin"]
[Date "2012.08.18"]
[Round "1.92"]
[White "Kühnert, Hanno"]
[Black "Jaeger, Andre"]
[Result "0-1"]
[WhiteElo "1666"]
[BlackElo "2002"]
[PlyCount "94"]
[EventDate "2012.??.??"]
[WhiteTeam "SC Rotation Pankow e.V."]
[BlackTeam "SC Rochade e.V."]

1. d4 Nf6 2. Nf3 g6 3. Bf4 d6 4. Nbd2 Nh5 5. Bg5 h6 6. Be3 Bg7 7. c3 c6 8. Qb3
Qc7 9. g3 Be6 10. Qc2 O-O 11. Bg2 Nd7 12. O-O Nhf6 13. Nb3 Bf5 14. Qc1 Kh7 15.
Nh4 Be6 16. Qc2 Nb6 17. Rad1 a5 18. Be4 Nxe4 19. Qxe4 Bd5 20. Qd3 a4 21. Nc1
Nc4 22. b3 Nb2 23. Qc2 Nxd1 24. Qxd1 axb3 25. axb3 b5 26. Qd3 Ra3 27. f4 f5 28.
Bd2 Bxb3 29. Nxb3 Rxb3 30. e4 e6 31. Qc2 Ra3 32. Bc1 Ra1 33. Qb3 Qd7 34. Qb2
Rfa8 35. e5 R1a2 36. Qb1 dxe5 37. fxe5 Qd5 38. Nf3 Ra1 39. Qd3 Bf8 40. Nh4 Ba3
41. Bxh6 Rxf1+ 42. Qxf1 Kxh6 43. Qf4+ g5 44. Qd2 Be7 45. Ng2 Ra2 46. Ne3 Rxd2
47. Nxd5 cxd5 0-1

[Event "11. Lichtenberger Sommer"]
[Site "Berlin"]
[Date "2012.08.18"]
[Round "1.93"]
[White "Tiemer, Klaus"]
[Black "Urbaniak, Andreas"]
[Result "1/2-1/2"]
[WhiteElo "1963"]
[BlackElo "1708"]
[PlyCount "56"]
[EventDate "2012.??.??"]
[WhiteTeam "TSG Oberschöneweide e.V."]
[BlackTeam "SV Berolina Mitte e.V."]

1. d4 Nf6 2. c4 d5 3. Nc3 e6 4. Bg5 Bb4 5. Rc1 Nbd7 6. cxd5 exd5 7. e3 h6 8.
Bh4 O-O 9. Bd3 Qe8 10. Nge2 Ne4 11. O-O c6 12. Bxe4 Bxc3 13. Nxc3 dxe4 14. b4
f5 15. Bg3 Nb6 16. a4 Be6 17. a5 Nd5 18. Nxd5 Bxd5 19. Be5 Qg6 20. Qd2 Rae8 21.
Qc3 Re6 22. Qc5 a6 23. Qc2 Rfe8 24. Qb2 R8e7 25. Rc5 Qe8 26. Rfc1 Rxe5 27. dxe5
Rxe5 28. Qd4 g5 1/2-1/2

[Event "11. Lichtenberger Sommer"]
[Site "Berlin"]
[Date "2012.08.18"]
[Round "1.94"]
[White "Tschirschwitz, Stephan"]
[Black "Scheide, Helmut"]
[Result "0-1"]
[WhiteElo "1557"]
[BlackElo "1998"]
[PlyCount "54"]
[EventDate "2012.??.??"]
[WhiteTeam "SG Lasker Steglitz-Wilmersdorf"]
[BlackTeam "USV Potsdam e.V., Abt. Schach"]

1. d4 Nf6 2. c4 e6 3. Nc3 Bb4 4. a3 Bxc3+ 5. bxc3 c5 6. Qc2 Nc6 7. e3 O-O 8.
Nf3 d5 9. Bb2 Ne4 10. Be2 f5 11. O-O Bd7 12. cxd5 exd5 13. c4 cxd4 14. cxd5 Ne7
15. Bxd4 Nxd5 16. Qb3 Bc6 17. Rfd1 Qa5 18. a4 Kh8 19. Ra3 Ndf6 20. Bxf6 Rxf6
21. Bb5 Rd8 22. Rxd8+ Qxd8 23. Nd4 f4 24. Nxc6 bxc6 25. Qd3 Rd6 26. Qxe4 Rd1+
27. Bf1 Rxf1+ 0-1

[Event "11. Lichtenberger Sommer"]
[Site "Berlin"]
[Date "2012.08.18"]
[Round "1.95"]
[White "Mayer, Herbert"]
[Black "Lippianowski, Stefan"]
[Result "1-0"]
[WhiteElo "1975"]
[BlackElo "1259"]
[PlyCount "53"]
[EventDate "2012.??.??"]
[WhiteTeam "SC Rochade e.V."]
[BlackTeam "Treptower SV 1949 e.V."]

1. c4 e5 2. Nc3 Nf6 3. g3 d5 4. cxd5 Bc5 5. Bg2 Ng4 6. e3 Qf6 7. Ne4 Qf5 8. Qf3
b6 9. Qxf5 Bxf5 10. Nxc5 Nd7 11. Nxd7 Bxd7 12. h3 Nf6 13. Nf3 Rd8 14. Nxe5 O-O
15. Nxd7 Rxd7 16. b3 Ne8 17. Ba3 Nd6 18. O-O Re8 19. Rfc1 Nb5 20. Bb2 f6 21. a4
Nd6 22. h4 c5 23. dxc6 Rc7 24. Ba3 Nf7 25. d4 Nh6 26. d5 Nf5 27. d6 1-0

[Event "11. Lichtenberger Sommer"]
[Site "Berlin"]
[Date "2012.08.18"]
[Round "1.97"]
[White "Meinicke, Kurt"]
[Black "Harringer, Manfred"]
[Result "0-1"]
[WhiteElo "1547"]
[BlackElo "1900"]
[PlyCount "52"]
[EventDate "2012.??.??"]
[WhiteTeam "BSG 1827 Eckbauer e.V."]
[BlackTeam "vereinslos"]

1. d4 Nf6 2. c4 e6 3. Nc3 Bb4 4. Bg5 h6 5. Bh4 Bxc3+ 6. bxc3 d6 7. d5 e5 8. e4
g5 9. Bg3 Nxe4 10. Bd3 Nc5 11. Bc2 Qf6 12. h3 Bf5 13. Qe2 Nbd7 14. Nf3 O-O-O
15. h4 g4 16. Bxf5 Qxf5 17. Nh2 h5 18. O-O Qg6 19. f3 f5 20. Qc2 Rdf8 21. fxg4
hxg4 22. Bf2 g3 23. Bxc5 gxh2+ 24. Kxh2 Rxh4+ 25. Kg1 Nxc5 26. Qf2 Qh5 0-1

[Event "11. Lichtenberger Sommer"]
[Site "Berlin"]
[Date "2012.08.18"]
[Round "1.98"]
[White "Dreke, Frank"]
[Black "Gnaß, Erhard"]
[Result "0-1"]
[WhiteElo "2025"]
[BlackElo "1528"]
[PlyCount "100"]
[EventDate "2012.??.??"]
[WhiteTeam "Treptower SV 1949 e.V."]
[BlackTeam "SK Zehlendorf e.V."]

1. e4 e5 2. Nf3 Nc6 3. d4 exd4 4. Bc4 h6 5. c3 dxc3 6. O-O d6 7. Nxc3 Bg4 8.
Qb3 Qd7 9. Bxf7+ Qxf7 10. Qxb7 Nd8 11. Qxa8 Bxf3 12. gxf3 Qxf3 13. h3 Qxh3 14.
e5 Qg4+ 15. Qg2 Qxg2+ 16. Kxg2 dxe5 17. Re1 Bd6 18. f4 Nc6 19. fxe5 Bb4 20. Re4
Nge7 21. Be3 a6 22. Rd1 Bxc3 23. bxc3 Kf7 24. e6+ Kg6 25. Bc5 Kf5 26. Re2 Re8
27. Rd7 Ng6 28. Rf7+ Kg5 29. Rxg7 Kh5 30. Kg3 Nce5 31. Rxc7 Rxe6 32. Bd4 Kg5
33. Be3+ Kf5 34. Bxh6 Ne7 35. Bf8 Rg6+ 36. Kh3 Nd5 37. Re1 Nf4+ 38. Kh2 Nf3+
39. Kh1 Nxe1 40. Rf7+ Kg4 41. Kg1 Ned3 42. Rg7 Kf5+ 43. Rxg6 Nxg6 44. Bg7 Ke6
45. Kg2 Kd5 46. Kf3 Kc4 47. Ke2 Ngf4+ 48. Kd2 a5 49. a4 Nc5 50. Bf6 Ne4+ 0-1

[Event "11. Lichtenberger Sommer"]
[Site "Berlin"]
[Date "2012.08.18"]
[Round "1.99"]
[White "Jiranek, Benno"]
[Black "Muskewitz, Bernd"]
[Result "0-1"]
[WhiteElo "1442"]
[BlackElo "1992"]
[PlyCount "90"]
[EventDate "2012.??.??"]
[WhiteTeam "SC Kreuzberg e.V."]
[BlackTeam "TSG Oberschöneweide e.V."]

1. d4 d5 2. c4 dxc4 3. e3 e5 4. Bxc4 exd4 5. Qb3 Qe7 6. Nf3 Qb4+ 7. Bd2 Qxb3 8.
Bxb3 dxe3 9. Bxe3 Bb4+ 10. Nbd2 Nf6 11. Bd4 Nbd7 12. O-O O-O 13. a3 Bxd2 14.
Nxd2 c5 15. Bc3 b6 16. Rfe1 Ba6 17. Re7 b5 18. Rae1 c4 19. Bd1 Rfe8 20. Bf3
Rxe7 21. Rxe7 Re8 22. Bb4 Rxe7 23. Bxe7 Bc8 24. Bd6 a6 25. Ne4 Ne8 26. Bg3 Kf8
27. Kf1 Bb7 28. Ng5 Bxf3 29. Nxf3 Nc5 30. Be5 Nd3 31. Bc3 Nd6 32. Nd4 Ne4 33.
Bb4+ Nxb4 34. axb4 Ke8 35. Nc6 Kd7 36. Nb8+ Kc7 37. Nxa6+ Kb7 38. f3 Nd2+ 39.
Ke1 Nb3 40. Nc5+ Nxc5 41. bxc5 Kc6 42. b3 Kxc5 43. bxc4 Kxc4 44. Kd1 Kb3 45.
Kc1 Ka2 0-1

[Event "11. Lichtenberger Sommer"]
[Site "Berlin"]
[Date "2012.08.18"]
[Round "1.100"]
[White "König, Frank"]
[Black "Fontaine, Constantin"]
[Result "1-0"]
[WhiteElo "1949"]
[BlackElo "1343"]
[PlyCount "47"]
[EventDate "2012.??.??"]
[WhiteTeam "BSG 1827 Eckbauer e.V."]
[BlackTeam "SK Tempelhof 1931 e.V."]

1. Nf3 g6 2. g3 Bg7 3. Bg2 Nf6 4. O-O O-O 5. c4 c5 6. Nc3 Nc6 7. e4 d6 8. h3
Ne8 9. d3 h6 10. Be3 e5 11. Qd2 g5 12. Ne1 f5 13. f4 Nd4 14. fxg5 h5 15. Nf3
Be6 16. Kh2 Qe7 17. Nh4 Qf7 18. exf5 d5 19. fxe6 Qxe6 20. Bxd5 Qxd5 21. Rxf8+
Bxf8 22. Nxd5 Ng7 23. Nf6+ Kh8 24. Ng6# 1-0

[Event "11. Lichtenberger Sommer"]
[Site "Berlin"]
[Date "2012.08.18"]
[Round "1.101"]
[White "Güldenpfennig, Gavin"]
[Black "Strehlow, Horst"]
[Result "1/2-1/2"]
[WhiteElo "1544"]
[BlackElo "2074"]
[PlyCount "88"]
[EventDate "2012.??.??"]
[WhiteTeam "BSC Rehberge 1945 e.V."]
[BlackTeam "SC Friesen Lichtenberg e.V."]

1. e4 c5 2. c3 e6 3. d4 d5 4. e5 Nc6 5. Nf3 Bd7 6. a3 c4 7. b3 cxb3 8. Qxb3 Na5
9. Qd1 b5 10. Bd3 Qc7 11. O-O Rc8 12. Bd2 Nc4 13. Ng5 g6 14. Qf3 Nh6 15. Be3
Bg7 16. Qh3 O-O 17. Bc1 f5 18. Nxe6 Bxe6 19. Bxh6 Bxh6 20. Qxh6 Rf7 21. h4 Qe7
22. a4 bxa4 23. Bxc4 Rxc4 24. Nd2 Rxc3 25. Rxa4 Qf8 26. Qxf8+ Kxf8 27. Nf3 Rfc7
28. Ng5 Bg8 29. Kh2 h6 30. Nh3 R3c4 31. Rfa1 Rxa4 32. Rxa4 Rc4 33. Rxa7 Rxd4
34. Ra8+ Kg7 35. g3 Re4 36. Ra7+ Kf8 37. Nf4 Bf7 38. e6 Bxe6 39. Nxg6+ Kg8 40.
h5 d4 41. Ra8+ Kg7 42. Rd8 Bc4 43. Nf4 Kf6 44. Rd6+ Kg7 1/2-1/2

[Event "11. Lichtenberger Sommer"]
[Site "Berlin"]
[Date "2012.08.18"]
[Round "1.102"]
[White "Reiche, Henry"]
[Black "Stiemerling, Karl-Heinz"]
[Result "1-0"]
[WhiteElo "2004"]
[BlackElo "1650"]
[PlyCount "71"]
[EventDate "2012.??.??"]
[WhiteTeam "SC Zugzwang 95 e.V."]
[BlackTeam "vereinslos"]

1. e4 c5 2. Nf3 Nc6 3. d4 cxd4 4. Nxd4 d6 5. Bc4 Ne5 6. Be2 Nf6 7. Nc3 a6 8. a4
Bd7 9. O-O g6 10. h3 Bg7 11. Be3 O-O 12. f4 Nc6 13. f5 Nxd4 14. Bxd4 Nh5 15.
Bxh5 Bxd4+ 16. Qxd4 gxh5 17. f6 Be6 18. Nd5 Bxd5 19. exd5 h6 20. Rae1 e6 21.
dxe6 fxe6 22. Rxe6 Rf7 23. Rf3 Qc7 24. Rg3+ Kf8 25. Rc3 Qa5 26. Qxd6+ Kg8 27.
Rg3+ Kh8 28. Qf4 Qc5+ 29. Kh2 Qf8 30. Rg7 Rxg7 31. fxg7+ Qxg7 32. Rxh6+ Kg8 33.
Rxh5 Rf8 34. Qg5 Kf7 35. Qd5+ Kg6 36. Rg5+ 1-0

[Event "11. Lichtenberger Sommer"]
[Site "Berlin"]
[Date "2012.08.18"]
[Round "1.103"]
[White "Geist, Wolfgang"]
[Black "Lämmel, Sebastian"]
[Result "0-1"]
[WhiteElo "1306"]
[BlackElo "1888"]
[PlyCount "84"]
[EventDate "2012.??.??"]
[WhiteTeam "SSV 90 Artern"]
[BlackTeam "SV Cranzahl 1962"]

1. Nf3 Nf6 2. d4 g6 3. c3 Bg7 4. e3 d5 5. Bd3 O-O 6. O-O c5 7. Nbd2 Nc6 8. h3
Qc7 9. Bc2 Rd8 10. Re1 e5 11. dxe5 Nxe5 12. Nxe5 Qxe5 13. Nf3 Qe7 14. Qe2 Bd7
15. Bd2 Bc6 16. Rad1 Ne4 17. Bc1 b5 18. Bxe4 dxe4 19. Rxd8+ Rxd8 20. Nd2 c4 21.
Nf1 Rd3 22. Rd1 Qd8 23. Rxd3 cxd3 24. Qd2 Bd5 25. b4 Qc8 26. Bb2 Bxa2 27. Qc1
Bd5 28. Nd2 Qa6 29. Qa1 Qxa1+ 30. Bxa1 Bh6 31. Bb2 Kf8 32. Bc1 f5 33. Nf1 Ke7
34. Bd2 Kd6 35. Nh2 Bg7 36. f4 Be6 37. g4 Kd5 38. gxf5 gxf5 39. Nf1 Kc4 40. Be1
Bxc3 41. Nd2+ Kxb4 42. Kf2 a5 0-1

[Event "11. Lichtenberger Sommer"]
[Site "Berlin"]
[Date "2012.08.18"]
[Round "1.104"]
[White "Yuan, Yizheng"]
[Black "Stark, Steven"]
[Result "1-0"]
[WhiteElo "1895"]
[BlackElo "1569"]
[PlyCount "69"]
[EventDate "2012.??.??"]
[WhiteTeam "Sfrd. Berlin 1903 e.V."]
[BlackTeam "BSC Rehberge 1945 e.V."]

1. e4 e6 2. d4 a6 3. Nc3 c6 4. Bd3 h6 5. Nge2 b5 6. e5 Bb7 7. Ne4 Be7 8. N2g3
g6 9. h4 Qb6 10. Be3 Qa5+ 11. c3 Qc7 12. h5 g5 13. f4 f6 14. exf6 Bxf6 15. O-O
d5 16. Nxf6+ Nxf6 17. fxg5 Qxg3 18. Rf3 Qg4 19. Bg6+ Kd8 20. gxf6 Nd7 21. Qd2
Kc7 22. Bxh6 Kb6 23. Raf1 Nf8 24. Rf4 Qxg6 25. hxg6 Rxh6 26. g7 Rg6 27. Qd3 Rg5
28. Qh3 Rg6 29. Qh8 Nd7 30. f7 e5 31. dxe5 Nxe5 32. f8=Q Nc4 33. g8=Q Rxg8 34.
Qd4+ Ka5 35. Qb4# 1-0

[Event "11. Lichtenberger Sommer"]
[Site "Berlin"]
[Date "2012.08.18"]
[Round "1.106"]
[White "Schröder, Gert"]
[Black "Matitschka, Heinz"]
[Result "1/2-1/2"]
[WhiteElo "1391"]
[BlackElo "1870"]
[PlyCount "73"]
[EventDate "2012.??.??"]
[WhiteTeam "SV Königsjäger Süd-West e.V."]
[BlackTeam "TSG Oberschöneweide e.V."]

1. c4 Nf6 2. d4 e6 3. Nc3 Bb4 4. e3 O-O 5. Bd3 c5 6. a3 Bxc3+ 7. bxc3 Nc6 8.
Bc2 Na5 9. Qe2 d5 10. Nf3 Nxc4 11. O-O b6 12. e4 Bb7 13. Nd2 Nxd2 14. Bxd2 Nxe4
15. Be1 Qf6 16. Rd1 Rac8 17. f3 Nd6 18. Bg3 Nf5 19. Bxf5 Qxf5 20. Be5 f6 21.
Bd6 Rfe8 22. g4 Qg6 23. Bf4 cxd4 24. cxd4 Rc2 25. Rd2 Ba6 26. Qxa6 Rxd2 27.
Bxd2 h5 28. h3 Qc2 29. Rf2 Qb1+ 30. Kg2 hxg4 31. hxg4 Re7 32. Bf4 Kf7 33. Bd6
Re8 34. Bb4 Rh8 35. Qf1 Qh7 36. Kg3 Qh4+ 37. Kf4 1/2-1/2

[Event "11. Lichtenberger Sommer"]
[Site "Berlin"]
[Date "2012.08.18"]
[Round "1.108"]
[White "Mühlhan, Klaus"]
[Black "Becker, Uwe"]
[Result "0-1"]
[WhiteElo "2042"]
[BlackElo "1817"]
[PlyCount "112"]
[EventDate "2012.??.??"]
[WhiteTeam "SC Empor Potsdam 1952 e.V."]
[BlackTeam "SV Glück auf Rüdersdorf e.V."]

1. e4 d6 2. d4 Nf6 3. Nc3 g6 4. Be2 Bg7 5. Be3 O-O 6. Qd2 Nbd7 7. Bh6 c5 8.
Bxg7 Kxg7 9. dxc5 Nxc5 10. Qd4 Ne6 11. Qe3 Qc7 12. O-O-O a6 13. h4 Bd7 14. h5
Rh8 15. f4 Qc5 16. h6+ Kf8 17. Qxc5 Nxc5 18. Bf3 Rd8 19. e5 Ng4 20. Rh4 Ne3 21.
Rd2 Nf5 22. Rh1 Bc6 23. Bxc6 bxc6 24. Rh3 Ne6 25. Nge2 dxe5 26. Rxd8+ Nxd8 27.
fxe5 e6 28. g4 Ne7 29. Ne4 Nd5 30. c4 Nb6 31. Rd3 Ke7 32. b3 Nd7 33. g5 Nxe5
34. Rd1 Nb7 35. Nf6 Nd6 36. Nd4 c5 37. Nc2 Nf3 38. Rxd6 Kxd6 39. Ne4+ Kc6 40.
b4 Ne5 41. Nxc5 Nxc4 42. Nxa6 e5 43. a4 Rf8 44. b5+ Kb6 45. Ne1 e4 46. Kc2 f5
47. gxf6 Rxf6 48. Kc3 Nd6 49. Nb4 Re6 50. Nec2 Re8 51. Ne3 Rc8+ 52. Nc6 Nxb5+
53. Kb4 Rxc6 54. axb5 Rc5 55. Nc4+ Rxc4+ 56. Kxc4 e3 0-1

[Event "11. Lichtenberger Sommer"]
[Site "Berlin"]
[Date "2012.08.18"]
[Round "1.109"]
[White "Pilgrim, Wilfried"]
[Black "Baranowsky, Peter"]
[Result "1/2-1/2"]
[WhiteElo "1486"]
[BlackElo "1963"]
[PlyCount "36"]
[EventDate "2012.??.??"]
[WhiteTeam "SC Kreuzberg e.V."]
[BlackTeam "Sfrd. Berlin 1903 e.V."]

1. Nf3 Nf6 2. d4 e6 3. g3 b6 4. Bg2 Bb7 5. Bf4 d6 6. c4 Be7 7. Nc3 O-O 8. Qc2
Nbd7 9. Rd1 a6 10. h4 Rb8 11. e4 Nh5 12. Bc1 Nhf6 13. e5 dxe5 14. dxe5 Ng4 15.
Ng5 f5 16. Bxb7 Rxb7 17. Nxe6 Qe8 18. Nxf8 Bxf8 1/2-1/2

[Event "11. Lichtenberger Sommer"]
[Site "Berlin"]
[Date "2012.08.18"]
[Round "1.110"]
[White "Reiche, Andreas"]
[Black "Hubbe, Bernd"]
[Result "1-0"]
[WhiteElo "1935"]
[BlackElo "1409"]
[PlyCount "86"]
[EventDate "2012.??.??"]
[WhiteTeam "SV Berolina Mitte e.V."]
[BlackTeam "SC Rotation Pankow e.V."]

1. e4 e5 2. Bc4 d6 3. d3 Nf6 4. f4 Bg4 5. Nf3 Bxf3 6. Qxf3 exf4 7. Bxf4 Nc6 8.
Qe2 Nd4 9. Qf2 c5 10. c3 Ng4 11. Qd2 Nc6 12. O-O Be7 13. Qe2 Nge5 14. Bd5 O-O
15. Nd2 Rc8 16. Nf3 Rc7 17. Rad1 Ng6 18. Be3 b6 19. d4 Bf6 20. e5 Be7 21. exd6
Bxd6 22. dxc5 bxc5 23. Ng5 Nce7 24. Nxf7 Rxf7 25. Bxf7+ Kh8 26. Bg5 Rd7 27. Qh5
Qb6 28. Bxe7 Nxe7 29. Be8 c4+ 30. Kh1 Qd8 31. Rf8+ Ng8 32. Bg6 h6 33. Rxd8 Rxd8
34. Bf7 Nf6 35. Qa5 Rf8 36. Rxd6 Rxf7 37. Rd8+ Ng8 38. h4 Kh7 39. Qd5 Rf1+ 40.
Kh2 Nf6 41. Qxc4 Rf2 42. Qd3+ g6 43. Qd4 h5 1-0

[Event "11. Lichtenberger Sommer"]
[Site "Berlin"]
[Date "2012.08.18"]
[Round "1.111"]
[White "Heyne, Klaus"]
[Black "Langner, Tobias"]
[Result "0-1"]
[WhiteElo "1464"]
[BlackElo "1948"]
[PlyCount "42"]
[EventDate "2012.??.??"]
[WhiteTeam "SV Berolina Mitte e.V."]
[BlackTeam "USV Potsdam e.V., Abt. Schach"]

1. d4 d5 2. Nf3 e6 3. g3 f5 4. Bg5 Nf6 5. Bg2 Bd6 6. O-O O-O 7. Ne5 h6 8. Bxf6
Qxf6 9. Nf3 c5 10. e3 Nc6 11. a3 b6 12. Re1 Bb7 13. Nc3 Rac8 14. Nb5 Bb8 15.
Nc3 Na5 16. Bf1 Rfd8 17. b4 Nc4 18. Bxc4 dxc4 19. b5 cxd4 20. exd4 Bxf3 21.
Qxf3 Rxd4 0-1

[Event "11. Lichtenberger Sommer"]
[Site "Berlin"]
[Date "2012.08.18"]
[Round "1.112"]
[White "Ziegel, Mandy Marie"]
[Black "Olivares, Eduardo"]
[Result "0-1"]
[WhiteElo "853"]
[BlackElo "1849"]
[PlyCount "106"]
[EventDate "2012.??.??"]
[WhiteTeam "Schachclub Oranienburg e.V."]
[BlackTeam "SC Zitadelle Spandau 1977 e.V."]

1. d4 Nf6 2. c4 e6 3. Nc3 Bb4 4. Nf3 d5 5. e3 O-O 6. Bd2 c5 7. cxd5 exd5 8. Be2
Nc6 9. a3 Bxc3 10. bxc3 c4 11. O-O Ne4 12. Qc2 Re8 13. Rfe1 Qf6 14. Bd1 g5 15.
Re2 Bg4 16. Re1 Bf5 17. Qb2 g4 18. Ne5 Nxe5 19. dxe5 Rxe5 20. Re2 Nc5 21. a4
Rb8 22. a5 h5 23. Ba4 Bd3 24. Ree1 Ne4 25. Bc1 Rf5 26. Bd2 Rxf2 27. Rad1 Nxd2
28. Qxd2 Rxd2 29. Rxd2 Qxc3 30. Rdd1 Qxa5 31. Ra1 b5 32. Bc2 Qxa1 33. Rxa1 Bxc2
34. Rxa7 b4 35. Kf2 b3 36. Ra1 b2 37. Re1 Bd3 38. Kg3 b1=Q 39. Rxb1 Rxb1 40.
Kh4 Bg6 41. Kg3 c3 42. h3 gxh3 43. Kxh3 c2 44. Kg3 c1=Q 45. Kf4 d4 46. Ke5
Qxe3+ 47. Kd5 Qe6+ 48. Kxd4 Qe4+ 49. Kc5 Qd3 50. g4 Rb5+ 51. Kc6 Qd5+ 52. Kc7
Rb7+ 53. Kc8 Qd7# 0-1

[Event "11. Lichtenberger Sommer"]
[Site "Berlin"]
[Date "2012.08.19"]
[Round "2.1"]
[White "Schulz, Hartmut"]
[Black "Stern, Rene"]
[Result "0-1"]
[WhiteElo "2081"]
[BlackElo "2529"]
[PlyCount "42"]
[EventDate "2012.??.??"]
[WhiteTeam "SC Rotation Pankow e.V."]
[BlackTeam "SK König Tegel 1949 e.V."]

1. d4 Nf6 2. c4 e6 3. Nf3 d5 4. Nc3 Nbd7 5. Bg5 c6 6. e3 Qa5 7. Nd2 dxc4 8.
Bxf6 Nxf6 9. Bxc4 Be7 10. O-O O-O 11. Qe2 e5 12. Nde4 Nxe4 13. Nxe4 Bf5 14. Ng3
exd4 15. exd4 Rae8 16. Qe5 Qxe5 17. dxe5 Be6 18. Bxe6 fxe6 19. Rad1 Rd8 20. Ne4
Rd5 21. f4 Rxf4 0-1

[Event "11. Lichtenberger Sommer"]
[Site "Berlin"]
[Date "2012.08.19"]
[Round "2.2"]
[White "Teske, Henrik"]
[Black "Wirth, Heinz"]
[Result "1-0"]
[WhiteElo "2537"]
[BlackElo "1988"]
[PlyCount "83"]
[EventDate "2012.??.??"]
[WhiteTeam "SC 1950 Remagen"]
[BlackTeam "SC Weisse Dame e.V."]

1. e4 Nf6 2. e5 Nd5 3. d4 d6 4. Nf3 dxe5 5. Nxe5 c6 6. c4 Nb4 7. Be3 Bf5 8. Bd3
Nxd3+ 9. Nxd3 g6 10. Nc3 Bg7 11. Nc5 Bc8 12. Qd2 b6 13. N5e4 f5 14. Ng5 f4 15.
Bxf4 Qxd4 16. O-O-O Qxd2+ 17. Bxd2 h6 18. Nge4 Kf7 19. Ne2 Be6 20. b3 b5 21.
Nc5 Bc8 22. Bc3 bxc4 23. Bxg7 Kxg7 24. Nf4 Na6 25. Nxa6 Bxa6 26. Ne6+ Kf6 27.
Nc7 Bb5 28. Nxa8 Rxa8 29. Rhe1 cxb3 30. axb3 a6 31. Rd4 Ra7 32. Kb2 Rc7 33. Kc3
c5 34. Rf4+ Kg7 35. Re5 Bf1 36. g3 Bb5 37. h4 Bf1 38. h5 gxh5 39. Rxh5 Be2 40.
Re5 Bb5 41. Rg4+ Kf7 42. Rf5+ 1-0

[Event "11. Lichtenberger Sommer"]
[Site "Berlin"]
[Date "2012.08.19"]
[Round "2.3"]
[White "Tahiri, Daut"]
[Black "Rabiega, Robert"]
[Result "0-1"]
[WhiteElo "2114"]
[BlackElo "2505"]
[PlyCount "54"]
[EventDate "2012.??.??"]
[WhiteTeam "SK Tempelhof 1931 e.V."]
[BlackTeam "SK König Tegel 1949 e.V."]

1. e4 e5 2. Nf3 Nc6 3. Bb5 a6 4. Ba4 Nf6 5. O-O Be7 6. Re1 b5 7. Bb3 d6 8. c3
O-O 9. h3 Na5 10. Bc2 c5 11. d4 Nd7 12. Nbd2 exd4 13. cxd4 Nc6 14. Nf1 cxd4 15.
Nxd4 Nxd4 16. Qxd4 Ne5 17. Ne3 Bxh3 18. f4 Nc6 19. Qc3 Bd7 20. Nd5 Rc8 21. Qd3
g6 22. Be3 Be6 23. Bb6 Qd7 24. a3 Bxd5 25. exd5 Bd8 26. Be3 Ne7 27. Bd4 Nxd5
0-1

[Event "11. Lichtenberger Sommer"]
[Site "Berlin"]
[Date "2012.08.19"]
[Round "2.4"]
[White "Franco Alonso, Alejandro"]
[Black "Badestein, Hartmut"]
[Result "1-0"]
[WhiteElo "2477"]
[BlackElo "2099"]
[PlyCount "59"]
[EventDate "2012.??.??"]
[WhiteTeam "Gros Xake Teldea"]
[BlackTeam "SC Friesen Lichtenberg e.V."]

1. Nf3 Nf6 2. c4 e6 3. Nc3 d5 4. d4 Nbd7 5. Bg5 c6 6. e3 Be7 7. Qc2 O-O 8. a3
dxc4 9. Bxc4 Nd5 10. Bxe7 Qxe7 11. O-O Nxc3 12. Qxc3 b6 13. b4 Bb7 14. Be2 Rfc8
15. Rfd1 Rab8 16. a4 Nf6 17. Rab1 c5 18. bxc5 bxc5 19. Qa3 Nd5 20. Rb5 c4 21.
Qxe7 Nxe7 22. Ne5 Bd5 23. f3 Rxb5 24. axb5 c3 25. e4 Bb3 26. Rc1 c2 27. Kf2 f6
28. Nd7 Rc7 29. Nc5 e5 30. Nxb3 1-0

[Event "11. Lichtenberger Sommer"]
[Site "Berlin"]
[Date "2012.08.19"]
[Round "2.5"]
[White "Hahlbohm, Matthias"]
[Black "Meister, Jakob"]
[Result "0-1"]
[WhiteElo "2065"]
[BlackElo "2479"]
[PlyCount "138"]
[EventDate "2012.??.??"]
[WhiteTeam "TSG Oberschöneweide e.V."]
[BlackTeam "SK Zehlendorf e.V."]

1. e4 c5 2. Nf3 e6 3. e5 Nc6 4. Bb5 Nge7 5. c3 a6 6. Ba4 b5 7. Bc2 d6 8. exd6
Qxd6 9. O-O Bb7 10. d4 cxd4 11. cxd4 Nb4 12. Nbd2 Nxc2 13. Qxc2 Rc8 14. Qd3 Nf5
15. Nb3 Be7 16. Rd1 Qd5 17. Be3 O-O 18. Rac1 Rfd8 19. Rxc8 Rxc8 20. Rc1 Rxc1+
21. Bxc1 g5 22. h3 h5 23. Bd2 g4 24. hxg4 hxg4 25. Ne1 Bd6 26. Qe2 Qe4 27. Qxe4
Bxe4 28. f3 gxf3 29. Nxf3 Bd5 30. Kf2 Bg3+ 31. Kf1 Bc4+ 32. Kg1 Bxb3 33. axb3
Kf8 34. Kf1 Ke7 35. Ke2 Kd6 36. Kd3 Kd5 37. Be3 Nd6 38. Bg1 Ne4 39. Bh2 f6 40.
Bxg3 Nxg3 41. b4 Nf5 42. g4 Ne7 43. Ne1 e5 44. Nc2 e4+ 45. Ke3 Ke6 46. Kd2 Nd5
47. Ke2 Kf7 48. Ne3 Nxb4 49. Nf5 Nd3 50. Nd6+ Ke7 51. Nxe4 Nxb2 52. Kd2 Nc4+
53. Kd3 Nd6 54. Nc5 a5 55. d5 Nc4 56. Kd4 a4 57. Kc3 Kd6 58. Kd4 a3 59. Ne4+
Ke7 60. Nc3 b4 61. Kxc4 bxc3 62. Kxc3 Kd6 63. Kb3 Kxd5 64. Kxa3 Ke4 65. Kb3 Kf3
66. Kc3 Kxg4 67. Kd2 Kf3 68. Ke1 f5 69. Kf1 f4 0-1

[Event "11. Lichtenberger Sommer"]
[Site "Berlin"]
[Date "2012.08.19"]
[Round "2.6"]
[White "Kalinitschew, Sergey"]
[Black "Sabrowski, Uwe"]
[Result "1-0"]
[WhiteElo "2458"]
[BlackElo "2114"]
[PlyCount "65"]
[EventDate "2012.??.??"]
[WhiteTeam "SC Kreuzberg e.V."]
[BlackTeam "SC Friesen Lichtenberg e.V."]

1. d4 f5 2. g3 Nf6 3. Bg2 g6 4. c4 Bg7 5. Nc3 O-O 6. Nh3 d6 7. d5 Na6 8. Nf4 e5
9. dxe6 c6 10. h4 Nc5 11. h5 g5 12. h6 Bh8 13. Nh3 Bxe6 14. Bxg5 Bxc4 15. Qc2
Be6 16. Rd1 Qd7 17. Nf4 Rae8 18. Nxe6 Qxe6 19. Bf4 Rd8 20. f3 a5 21. Rh4 b5 22.
Bh3 Ne8 23. Rh5 Bxc3+ 24. Qxc3 b4 25. Rg5+ Kf7 26. Qc2 Ke7 27. Rxf5 Rxf5 28.
Bxf5 Qxa2 29. Bxh7 Nf6 30. Bg5 Qe6 31. Bf5 Qg8 32. Bh4 a4 33. Qd2 1-0

[Event "11. Lichtenberger Sommer"]
[Site "Berlin"]
[Date "2012.08.19"]
[Round "2.10"]
[White "Mai, Andreas"]
[Black "Colpe, Malte"]
[Result "0-1"]
[WhiteElo "1990"]
[BlackElo "2290"]
[PlyCount "84"]
[EventDate "2012.??.??"]
[WhiteTeam "SC Friesen Lichtenberg e.V."]
[BlackTeam "Hamburger SK von 1830 eV"]

1. e4 c5 2. Nf3 d6 3. Bc4 Nf6 4. Nc3 Nc6 5. h3 a6 6. a4 e6 7. O-O d5 8. exd5
exd5 9. Ba2 Be7 10. d4 c4 11. Ne5 O-O 12. b3 Bb4 13. Ne2 c3 14. Qd3 Ne4 15.
Nxc6 bxc6 16. f3 Nd6 17. Nxc3 Bf5 18. Qd2 Qf6 19. g4 Qh4 20. Kg2 Ne4 21. fxe4
Bxe4+ 22. Nxe4 Bxd2 23. Nxd2 Qe7 24. Nf3 Rfe8 25. Bd2 Qa3 26. Bc1 Re2+ 27. Rf2
Qe7 28. Bb2 Re8 29. Raf1 h5 30. g5 h4 31. Bc1 Qe4 32. Bb1 f6 33. Kg1 fxg5 34.
Bxg5 Rf8 35. c3 Rxf2 36. Bxe4 Rxf1+ 37. Kxf1 dxe4 38. Kg2 Rxf3 39. Bxh4 Rxc3
40. b4 Rc4 41. Be7 Rxd4 42. Kg3 e3 0-1